Úřad pro zahrady a rybníky /

Hlavní autor: Decoin, Didier, 1945-
Další autoři: Šotolová, Jovanka, 1961-
Jazyk: Čeština
Vydáno: Praha : Plus, 2018
Vydání: Vydání první
Témata:
Externí odkaz: Digitalizovaný dokument
Fyzický popis: 310 stran ; 21 cm
Knihy
Uloženo v:
LEADER 01660nam a2200457 i 4500
001 nkc20183019400
003 CZ PrNK
005 20180831112621.0
007 ta
008 180807s2018 xr g 000 f cze
015 |a cnb003019400 
020 |a 978-80-259-0898-3  |q (brožováno) :  |c Kč 349,00 
035 |a (OCoLC)1051232659 
040 |a OLA001  |b cze  |e rda 
041 1 |a cze  |h fre 
072 7 |a 821.133.1-3  |x Francouzská próza, francouzsky psaná  |2 Konspekt  |9 25 
080 |a 821.133.1-31  |2 MRF 
080 |a (0:82-311.6)  |2 MRF 
100 1 |a Decoin, Didier,  |d 1945-  |7 xx0030560  |4 aut 
240 1 0 |a Bureau des Jardins et des Étangs.  |l Česky 
245 1 0 |a Úřad pro zahrady a rybníky /  |c Didier Decoin ; přeložila Jovanka Šotolová 
250 |a Vydání první 
264 1 |a Praha :  |b Plus,  |c 2018 
300 |a 310 stran ;  |c 21 cm 
336 |a text  |b txt  |2 rdacontent 
337 |a bez média  |b n  |2 rdamedia 
338 |a svazek  |b nc  |2 rdacarrier 
500 |a Přeloženo z francouzštiny 
500 |a Terminologický slovník 
655 7 |a francouzské romány  |7 fd132289  |2 czenas 
655 7 |a historické romány  |7 fd132414  |2 czenas 
655 9 |a French fiction  |2 eczenas 
655 9 |a historical novels  |2 eczenas 
700 1 |a Šotolová, Jovanka,  |d 1961-  |7 jo2003170248  |4 trl 
856 4 1 |u http://www.digitalniknihovna.cz/mzk/uuid/uuid:4a80d3c0-b585-11f0-a1a9-5ef3fc9bb22f  |y Digitalizovaný dokument  |x NDK 
910 2 |a BOA001  |b 1-1413.351 
928 9 |a Albatros Media - Plus 
990 |a BK 
995 |a 01 
991 |b 201808  |c NOV 
996 6 |b 2610750912  |c 1-1413.351  |l MZK  |r Sklad / do 1 hodiny  |n 1  |p p.v.  |w 001677681  |u 000010  |a 1  |e BOA001  |j MZK50  |s P